[Event "Olympiad Women-44"]
[Site "Chennai"]
[Date "2022.08.07"]
[Round "9.4"]
[White "Watson, Gabriella"]
[Black "Reid, Caitlin"]
[Result "1-0"]
[WhiteElo "1164"]
[BlackElo "1437"]
[PlyCount "139"]
[EventDate "2022.07.29"]
[EventType "team-swiss"]
[EventRounds "11"]
[EventCountry "IND"]
[SourceTitle "CBM 210"]
[Source "ChessBase"]
[SourceDate "2022.10.31"]
[SourceVersion "1"]
[SourceVersionDate "2022.10.31"]
[SourceQuality "1"]
[WhiteTeam "Jamaica (W)"]
[BlackTeam "Scotland (W)"]
[WhiteTeamCountry "JAM"]
[BlackTeamCountry "SCO"]

1. d4 d5 2. Bf4 Nf6 3. e3 Bf5 4. c4 c6 5. Nc3 e6 6. Nf3 Nbd7 7. Be2 h6 8. 0-0 g5 9. Bg3 g4 10. Ne5 h5 11. Qb3 Qb6 12. c5 Qxb3 13. axb3 h4 14. Nxd7 Kxd7 15. Be5 Rh6 16. b4 Nh5 17. g3 hxg3 18. fxg3 f6 19. Bf4 Nxf4 20. exf4 Bg7 21. b5 Bg6 22. Ra4 Bc2 23. bxc6+ Kxc6 24. Bb5+ Kc7 25. Ra3 a6 26. Ba4 Rah8 27. Rf2 Bxa4 28. Nxa4 f5 29. Rd3 Kc6 30. Nc3 Bf6 31. Re2 Kd7 32. b4 Ra8 33. Na4 Bd8 34. Rc2 Rc8 35. Rdc3 Rh8 36. Re2 Re8 37. Nb2 b6 38. Nd3 bxc5 39. dxc5 Bf6 40. Ra3 Bd4+ 41. Kf1 Rc6 42. Rea2 Rh8 43. Kg2 Rhc8 44. Rxa6 Rxa6 45. Rxa6 Rc6 46. Ra7+ Rc7 47. Rxc7+ Kxc7 48. b5 Kb7 49. h4 gxh3+ 50. Kxh3 Kc7 51. Kh4 Kd7 52. Kg5 Kc7 53. Kg6 Bc3 54. Kf7 Kd7 55. c6+ Kd6 56. c7 Kxc7 57. Kxe6 d4 58. Kxf5 Kb6 59. Ke5 Kxb5 60. g4 Kc4 61. Ke4 Kb5 62. g5 Kc6 63. g6 Kd6 64. g7 Ke6 65. g8Q+ Kf6 66. Qg5+ Kf7 67. f5 Bd2 68. Qxd2 Kf6 69. Kxd4 Ke7 70. Qh6 1-0